01307nam a2200301 a 4500001001200000003000800012006001900020007001500039008004100054010001700095020001500112040002100127035002000148050002600168082001700194110003300211245017900244260005000423300001700473490002800490504006300518533015200581650004300733655002900776710001700805810005700822856012600879ebr10004924CaPaEBRm u cr cn|||||||||920630s1991 sz sb i001 0 eng  z 92180718  z9221071014 aCaPaEBRcCaPaEBR a(OCoLC)7076399714aT55.3.H3bI633 1991eb04a363.11/72202 aInternational Labour Office.10aPrevention of major industrial accidentsh[electronic resource] :ban ILO contribution to the International Programme of Chemical Safety of UNEP, the ILO, and the WHO (IPCS). aGeneva :bInternational Labour Office,c1991. axiii, 108 p.1 aAn ILC code of practice aIncludes bibliographical references (p. 95-101) and index. aElectronic reproduction.bPalo Alto, Calif. :cebrary,d2013.nAvailable via World Wide Web.nAccess may be limited to ebrary affiliated libraries. 0aHazardous substancesxSafety measures. 7aElectronic books.2local2 aebrary, Inc.2 aInternational Labour Office.tILO codes of practice.40uhttp://site.ebrary.com/lib/rucke/Doc?id=10004924zAn electronic book accessible through the World Wide Web; click to view